000 00681cam a2200181 4500500
005 20251012022443.0
041 _afre
042 _adc
100 1 0 _aCamus, Marin
_eauthor
700 1 0 _a Leservoisier, Clémentine
_eauthor
700 1 0 _a Longbottom, Susie
_eauthor
700 1 0 _a Rullac, Stéphane
_eauthor
245 0 0 _aParcours de soins et rétablissement en addictologie : comment le savoir expérientiel renouvelle les accompagnements du Travail social ?
260 _c2025.
500 _a3
786 0 _nÉcrire le social | 7 | 1 | 2025-10-07 | p. 103-120
856 4 1 _uhttps://shs.cairn.info/revue-ecrire-le-social-2025-1-page-103?lang=fr&redirect-ssocas=7080
999 _c1539966
_d1539966